01681cam a2200337 a 45000010005000000030006000050050017000110080041000280100017000690200038000860200035001240400023001590500015001820820008001971000019002052450129002242600039003533000059003925000033004515000023004845050007005075200503005145210018010175210018010356500037010537300040010909060045011309420015011759990015011909520138012055864FISKH20250127101250.0060103s2006 maua j 000 1 eng  a 2005038070 a9780618737574 (pbk. : alk. paper) a061873757X (pbk. : alk. paper) aDLCcDLCdDLCbeng aPZ7.P42583 a2771 aPerez, Monica.10aCurious George :bthe donut delivery /cadaptation by Monica Perez ; based on the tv series teleplay written by Joe Fallon. aBoston :bHoughton Mifflin,c2006. a20 unnumbered pages : bcolor illustrations ; c21 cm  a"Curious about zero"--Cover. a"PBS Kids"--Cover. aE  aMembers Reviews Popularity Average rating Conversations 257 None 111,124 (3.67) None How many donuts can one monkey eat? George does the math in this humorous tale! Curious George is ordering donuts but he adds a few extra zeroes. Now he's about to discover just how big his delivery problem is going to become! This picture book based on the Emmy-winning PBS animated series, now streaming on Peacock, not only entertains young readers but also explores the concepts of zero and counting by tens.8 a270 bLexile 8 aE bRaz-Plus  aCurious George vMonkeysxDonuts0 aCurious George (Television program) a7bcbccorignewd1eecipf20gy-gencatlg 2ddccBKn0 c5864d5864 00102ddc40708JUVFa001b001cTK Green 7-57-60d2025-01-27l0oPER 277 PZ7.P42583pFISTK03834r2025-01-27 10:12:46w2025-01-27yBK